000 00779cam a2200241 a 4500
005 20240701095049.0
008 100930s1980||||ag d f |||| 00| 0 spa d
020 _aS/N
041 _aspa
092 _c515.021
_l6
_sBER
100 1 _aBertello, Luis F.
_91423
245 _aSistema internacional de unidades.
_bSu aplicación en el área de la salud /
_cLuís F. Bertello.
250 _a1a ed.
260 _aBuenos Aires:
_bEUDEBA;
_c1980.
300 _a100 p.
500 _aBertello, L. F. (1980). Sistema internacional de unidades. Su aplicación en el área de la salud. (1a ed.). Buenos Aires : EUDEBA.
590 _aSerie Temas.
653 _aMagnitudes
653 _aUnidades
653 _aUnidades de energía y relacionadas
930 _a752
942 _2ddc
_cBK
999 _c779
_d779